000 00359nam a2200133 i 4500
001 bg
100 1 _aMARCINKIEWICZ, Sabina
245 0 _aKasacyjne orzecznictwo w ogólnym postępowaniu administracyjnym /
_cSabina Marcinkiewicz.
260 _aWarszawa,
_c1976.
040 _cBPK
041 _apol
942 _cKS
008 s pl f |000 0 pol
999 _c27320
_d27320
856 _uhttp://koha.tu.koszalin.pl/cgi-bin/koha/opac-detail.pl?biblionumber=27320
_yKatalog online BPK